000 00935nam a2200349 a 4500
003 AR-BaBNM
005 20251128205342.0
008 082120s2002 ||||||||||||||000 | spa||
020 _a84-207-3131-5
040 _cAR-BaBNM
100 1 _aCadilla Bernal, José F.
245 0 0 _aPuerto Rico
250 _a1ª ed.
260 _aMadrid
_bAnaya
_c1988
300 _a127 p.
_bil., láms., mapas
490 0 _aBiblioteca iberoamericana
_vv. 74
504 _aBibliografía para consultar p. 126.
650 4 _aPERIODO HISPANICO
650 4 _aPERIODO INDEPENDIENTE
650 4 _aECONOMIA
650 4 _aHISTORIA SOCIAL
650 4 _aGEOGRAFIA FISICA
650 4 _aFITOGEOGRAFIA
650 4 _aZOOGEOGRAFIA
650 4 _aHISTORIA DE LAS COSTUMBRES
651 4 _aPuerto Rico
651 4 _aAmérica Latina
700 1 _aCruz Báez, Angel David
800 1 _aRoche, Antonio
_edirector
942 _cBK
998 _cmariana
999 _c11056
_d11056